00862nam a2200241Ia 4500003000400000005001700004008004100021020001800062040001800080041000800098082001800106100002800124245008600152250001200238260004600250300003000296650005700326650003500383700002800418942002500446999001900471952013000490OSt20251104092000.0210716s2018 xx 000 0 und d a9788126557394 cAIMIT LIBRARY aeng a005.76 bMASL aMassaron, Luca.9243661 aPython for data science :bfor dummies /cBy Luca Massaron and John Paul Mueller. a1st ed. aNew Delhi :bWiley India Pvt Ltd ,c2018. axii,418 p.;bPBc24.5 cm. aIntroducing pythons capabilities and wonders9243662 aWorking with real data9243663 aMassaron, Luca.9243661 2ddccBKk005.76 MASL c197054d197054 001040708MCAaAIMITbAIMITeKnowledge Worldg599.00l0o005.76 MASLpMCA16569r2026-05-23 00:00:00v449.25w2021-07-16yBK